00866nam a2200217 a 450000500170000000800410001704000250005804100080008309000140009110000230010524501360012826000400026430000090030465000370031365000350035065000400038565000300042594200150045599900130047095201650048320191224041514.0140219b1995 -Uk||||| |||| 00| 0 eng d aCO-BoIAVHcCO-BoIAVH aeng aLBb00127 aFiler, Denis96702 aBotanical Research and Herbarium Management Systembdeveloped at the University of Oxford, with help from the University of Reading aOxfordbUniversity of Oxfordc1995? a7 p. aSistemas de información942905 aColecciones biológicas94146 aInvestigación científica942907 aManual del usuario942908 cINFORME2z c147d147 00102z40708GENERALIINV2017aBogotabBogotad1997-12-23eMendoza, Humbertol0oLB-00127p000185r2012-12-04 00:00:00tEj. 1w2012-12-04xDonaciónyINFORME